Conversaciones sobre Rusia con Masha Scott
Guardat en:
| Autor principal: | |
|---|---|
| Format: | Llibre |
| Idioma: | espanyol |
| Publicat: |
Santiago, Chile
Zig - Zag
1948
|
| Col·lecció: | Obras de Actualidad
|
| Matèries: | |
| Etiquetes: |
Afegir etiqueta
Sense etiquetes, Sigues el primer a etiquetar aquest registre!
|
MARC
| LEADER | 00000cam a2200000 a 4500 | ||
|---|---|---|---|
| 001 | UCE6438 | ||
| 003 | CL-VaPUC | ||
| 005 | 20230816100551.0 | ||
| 008 | 150409e19480000cl |||||||||||||||||spa|d | ||
| 999 | |c 358770 |d 358768 | ||
| 040 | |c Pontificia Universidad Católica de Valparaíso | ||
| 082 | 0 | 4 | |a 320.532 BUC 1948 |2 21 |
| 100 | 0 | |a Buck, Pearl S |9 579105 | |
| 245 | 1 | 0 | |a Conversaciones sobre Rusia con Masha Scott |
| 260 | 0 | 3 | |a Santiago, Chile |b Zig - Zag |c 1948 |
| 300 | |a 219 páginas | ||
| 490 | 0 | |a Obras de Actualidad | |
| 583 | |a last modification |c 20150409 10:07:00 |k Rodrigo Vera | ||
| 650 | 0 | |a Conversaciones |9 314515 | |
| 650 | 0 | |a Diálogos |9 257026 | |
| 650 | 0 | |a Comunismo |9 255588 | |
| 942 | |c BK |2 ddc | ||
| 945 | |d 20150409 10:07:00 |a arojas | ||
| 952 | |0 0 |1 0 |2 ddc |3 erb |4 0 |6 320_532000000000000_BUC_1948 |7 0 |8 X |9 467659 |a FDOBUD |b FDOBUD |i 5157935 |o 320.532 BUC 1948 |p 5157935 |r 2019-11-23 |t 1 |w 2019-11-23 |y BK_X |z Catalogado en:20150409 |k BUD | ||